000 00393nam a2200169Ia 4500
008 230524s9999 xx 000 0 und d
020 _a9788131721414
082 _a624.171
_bHIB
100 _aR.C.Hibbeler
245 0 _aSTRUCTURAL ANALYSIS
250 _a6
260 _aNoida
_bPearson
_c2016
300 _a"XIV,640p;"
500 _aQuantity Number: 10
650 _aCivil
942 _cBK
999 _c58601
_d58601